000 00465cam a2200181ua 4500
020 _c300.00
041 _aeng
_h
082 _a621.4021
_bMUJ/AD
100 _aMujumdar, Arun S .
245 _aAdvances in transport processes /
_cArun S Mujumdar.
_hTextual Documents
260 _aNew Delhi :
_bWiley Eastern Ltd ,
_c1982.
300 _a430 ; .
365 _a300.00
504 _a
700 1 _aMashelkar, R.A .
942 _cBK
999 _c9181
_d9181